|
|
|
|
| LEADER |
00000nam a2200000 a 4500 |
| 001 |
vtls001471465 |
| 003 |
SK-MaSNL |
| 005 |
20260301014816.0 |
| 008 |
210928s1968 ru e 0 100 rus |
| 035 |
|
|
|a SNK000426768
|
| 040 |
|
|
|a SNK
|b slo
|c SNK
|e AACR2
|
| 041 |
|
|
|a rus
|
| 044 |
|
|
|a ru
|c RU
|
| 080 |
|
|
|a 37(038)
|2 2001
|
| 245 |
0 |
|
|a Pedagogičeskaja encyklopedija
|n 4
|p Sn-Ja
|c glavnaja redakcija I. A. Kairov ... [et al.]
|
| 250 |
|
|
|a 1. vyd.
|
| 260 |
|
|
|a Moskva
|b Izdateľstvo Sovetskaja encyklopedija
|c 1968
|
| 300 |
|
|
|a 911 s.
|b Fotogr. Ilustr. Sch. Tab.
|c 27 cm
|
| 504 |
|
|
|a Reg.
|
| 650 |
0 |
7 |
|a pedagogika
|2 SNKPH
|9 955
|
| 655 |
|
7 |
|a encyklopédie
|2 SNKPH
|9 28776
|
| 700 |
1 |
|
|a Kairov, I. A.
|4 red
|9 303691
|
| 958 |
|
|
|a OND
|
| 999 |
|
|
|c 559271
|d 561201
|
| 952 |
|
|
|a SNK
|b SNK
|y VYP
|7 0
|p 17A0417092
|o snkIB 16014/4
|i snkK 153/69
|8 3
|0 0
|1 0
|4 0
|d 2004-03-20
|l 0
|r 2005-01-02 00:00:00
|w 2026-02-23
|